Humanismo y teatro

محفوظ في:
التفاصيل البيبلوغرافية
المؤلف الرئيسي: Barjon, Louis (مؤلف)
التنسيق: كتاب
اللغة:الإسبانية
منشور في: Buenos Aires Ediciones Humanismo 1960
سلاسل:Ediciones Humanismo, 23
الموضوعات:
الوسوم: إضافة وسم
لا توجد وسوم, كن أول من يضع وسما على هذه التسجيلة!

MARC

LEADER 00000nam a2200000 a 4500
001 UCZ7764
003 CL-VaPUC
008 960109e19600000AG |||||||||||||||||spa|d
082 0 4 |a 842.09  |b BAR  |2 21 
100 0 |a Barjon, Louis  |e author  |9 352743 
245 1 0 |a Humanismo y teatro 
300 |a 62 p 
942 |c BK 
945 |d 19960109 00:00:00  |a mcarcey 
260 |a Buenos Aires  |b Ediciones Humanismo  |c 1960 
650 0 |a Teatro francés  |9 265089 
650 0 |a Humanismo  |9 256530 
650 7 |a CRITICA TEATRAL  |2 CL-VaPUC  |9 321641 
650 0 |a Teatro contemporáneo  |9 322153 
583 |a last modification  |c 19960109 00:00:00  |k Rodrigo Vera 
490 0 |a Ediciones Humanismo, 23 
999 |c 243773  |d 243771 
952 |0 0  |1 0  |4 0  |6 842_090000000000000_BAR_1960  |7 0  |8 A  |9 257571  |a BIBEDU  |b BIBEDU  |d 2019-11-19  |i 3162656  |o 842.09 BAR 1960  |p 3162656  |r 2019-11-19  |w 2019-11-19  |y BK  |k LIT